Famous People From The West Midlands, England, UK. By Picture - Statistics

General Stats
  • This quiz has been taken 39 times
  • The average score is 8 of 17
Answer Stats
Picture Answer % Correct
Ozzy Osbourne
97%
Harry Styles
87%
Richard Hammond
70%
Jack Grealish
67%
Jude Bellingham
67%
Frank Skinner
60%
Lenny Henry
53%
Mike Skinner
50%
Neville Chamberlain
50%
Julie Walters
47%
Liam Payne
40%
Clive Owen
33%
Beverly Knight
27%
Felicity Jones
27%
James and Oliver Phelps
27%
Stefflon Don
13%
Scott Adkins
7%
No matching quizzes found
Score Distribution
Percent of People with Each Score
Percentile by Number Answered
Your Score History
You have not taken this quiz